书目信息 |
| 题名: |
中文Dreamweaver MX 2004/Flash MX 2004/Fireworks MX 2004网页制作教程
|
|
| 作者: | 谢忠东 , 张晓蕾 主编 ;沈大林 , 马广月 , 曹永冬 编著 | |
| 分册: | ||
| 出版信息: | 北京 电子工业出版社 2005.08 |
|
| 页数: | 477页 | |
| 开本: | 24cm | |
| 丛书名: | ||
| 单 册: | ||
| 中图分类: | TP393.092 | |
| 科图分类: | ||
| 主题词: | 网页--wang ye--动画--图形软件--高等教育--教材 , 网页--wang ye--制作--软件工具--高等教育--教材 | |
| 电子资源: | ||
| ISBN: | 7-121-01190-5 | |
| 000 | 01415nam0 2200337 450 | |
| 001 | 012006141809 | |
| 005 | 20061018091922.75 | |
| 010 | @a7-121-01190-5@dCNY34.00 | |
| 100 | @a20061008d2005 km y0chiy0120 ea | |
| 101 | 0 | @achi |
| 102 | @aCN@b110000 | |
| 105 | @aa z 000yy | |
| 200 | 1 | @a中文Dreamweaver MX 2004/Flash MX 2004/Fireworks MX 2004网页制作教程@Azhong wen Dreamweaver MX 2004/Flash MX 2004/Fireworks MX 2004 wang ye zhi zuo jiao cheng@f张晓蕾, 谢忠东主编@Fzhang xiao lei,xie zhong dong zhu bian@g沈大林, 马广月, 曹永冬等编著@Gshen da lin,ma guang yue,cao yong dong deng bian zhu |
| 205 | @a第4版 | |
| 210 | @a北京@c电子工业出版社@d2005.08 | |
| 215 | @a477页@c图@d24cm | |
| 300 | @a北京市高等教育精品教材立项项目 | |
| 330 | @a本书详细介绍了Dreamweaver、Flash和Fireworks三种软件的主要内容和使用方法,尤其对Dreamweaver MX 2004和Flash MX 2004介绍得比较详细,提供了大量实例和使用技巧等。 | |
| 606 | 0 | @a网页@Awang ye@x动画@x图形软件@x高等教育@j教材 |
| 606 | 0 | @a网页@Awang ye@x制作@x软件工具@x高等教育@j教材 |
| 610 | 0 | @aDreamweaver MX |
| 610 | 0 | @aFireworks MX |
| 610 | 0 | @aFlash MX |
| 690 | @aTP393.092@v4 | |
| 701 | 0 | @a谢忠东@Axie zhong dong@4主编 |
| 701 | 0 | @a张晓蕾@Azhang xiao lei@4主编 |
| 702 | 0 | @a沈大林@Ashen da lin@4编著 |
| 702 | 0 | @a马广月@Ama guang yue@4编著 |
| 702 | 0 | @a曹永冬@Acao yong dong@4编著 |
| 801 | 0 | @aCN@c20061018 |
| 905 | @a10447@dTP393.092@eZ213 | |
| 中文Dreamweaver MX 2004/Flash MX 2004/Fireworks MX 2004网页制作教程/张晓蕾, 谢忠东主编/沈大林, 马广月, 曹永冬等编著.-第4版.-北京:电子工业出版社,2005.08 |
| 477页:图;24cm |
| 北京市高等教育精品教材立项项目 |
| ISBN 7-121-01190-5:CNY34.00 |
| 本书详细介绍了Dreamweaver、Flash和Fireworks三种软件的主要内容和使用方法,尤其对Dreamweaver MX 2004和Flash MX 2004介绍得比较详细,提供了大量实例和使用技巧等。 |
| ● |
| 相关链接 |
|
|
|
正题名:中文Dreamweaver MX 2004/Flash MX 2004/Fi
索取号:TP393.092/Z213
 
预约/预借
| 序号 | 登录号 | 条形码 | 馆藏地/架位号 | 状态 | 备注 |
| 1 | 222971 | 202229711 | 自科库301/301自科库 130排1列6层/ [索取号:TP393.092/Z213] | 在馆 | |
| 2 | 222972 | 202229720 | 自科二线400A/400A自科库 2排1列6层/ [索取号:TP393.092/Z213] | 在馆 | |
| 3 | 222973 | 202229739 | 自科库301/301自科库 130排1列6层/ [索取号:TP393.092/Z213] | 在馆 |